Library Logo

Pioneer International University Library Catalogue

THE MANHATTAN PROJECT AND THE ATOMIC BOMB (Record no. 9789)

MARC details
000 -LEADER
fixed length control field 00395nam a22001457a 4500
003 - CONTROL NUMBER IDENTIFIER
control field OSt
005 - DATE AND TIME OF LATEST TRANSACTION
control field 20251113115536.0
008 - FIXED-LENGTH DATA ELEMENTS--GENERAL INFORMATION
fixed length control field 251113b |||||||| |||| 00| 0 eng d
020 ## - INTERNATIONAL STANDARD BOOK NUMBER
International Standard Book Number 0894908790
040 ## - CATALOGING SOURCE
Transcribing agency Enslow Publishers
050 ## - LIBRARY OF CONGRESS CALL NUMBER
Classification number QC 773.3 .G65 2000
245 ## - TITLE STATEMENT
Title THE MANHATTAN PROJECT AND THE ATOMIC BOMB
Statement of responsibility, etc. GONZALEES, DOREEN
260 ## - PUBLICATION, DISTRIBUTION, ETC.
Place of publication, distribution, etc. US
Name of publisher, distributor, etc. ENSLOW PUBLISHERS
Date of publication, distribution, etc. 2000
942 ## - ADDED ENTRY ELEMENTS (KOHA)
Source of classification or shelving scheme Library of Congress Classification
Koha item type Books
Suppress in OPAC No
Holdings
Withdrawn status Lost status Source of classification or shelving scheme Damaged status Not for loan Home library Current library Date acquired Total checkouts Barcode Date last seen Price effective from Koha item type
    Library of Congress Classification     PIU Library PIU Library 11/13/2025   PIUDL839 11/13/2025 11/13/2025 Books